Fronteras: toward a borderless latin america /

Uloženo v:
Podrobná bibliografie
Hlavní autor: van Dijck, Pitou
Korporativní autor: Centro de Estudios y Documentación Latinoamericanos
Další autoři: Ouweneel, Arij Zoomers, Annelies Slater, David Baud, Michiel van Bath, Slicher Dijkstra, Geske Silva, Patricio Carrieré, Jean Vellinga, Menno Salman, Tom Kleinpenning, Jan Banck, Geert Dembicz, Andrzej Vink, Nico Nijenhuis
Médium: Text
Vydáno: Amsterdam: CEDLA
Témata:
Tagy: Přidat tag
Žádné tagy, Buďte první, kdo vytvoří štítek k tomuto záznamu!

MARC

LEADER 00000 a a2200000 04500
001 32045
003
040
020 |a 90-70280-87-6  
090 |a 199502  
100 |a van Dijck, Pitou  
110 |a Centro de Estudios y Documentación Latinoamericanos  
245 |a Fronteras: toward a borderless latin america /  |c Pitou van Dijck 
260 |a Amsterdam:   |b CEDLA  
300 |a 380 p.  
650 |a FRONTERAS  
650 |a ESTADO  
650 |a ETNICIDAD  
650 |a REDES  
650 |a GLOBALIZACION  
650 |a AMERICA LATINA  
700 |a Ouweneel, Arij   |a Zoomers, Annelies   |a Slater, David   |a Baud, Michiel   |a van Bath, Slicher   |a Dijkstra, Geske   |a Silva, Patricio   |a Carrieré, Jean   |a Vellinga, Menno   |a Salman, Tom   |a Kleinpenning, Jan   |a Banck, Geert   |a Dembicz, Andrzej   |a Vink, Nico   |a Nijenhuis  
999 |c 14774  |d 14774